Rime /

Saved in:
Bibliografiske detaljer
Hovedforfatter: Buonarroti, Michelangelo, (1475-1564) (Author)
Andre forfattere: Testori, Giovanni, Barelli, Ettore
Format: Bog
Sprog:italiensk
Udgivet: Milano : Biblioteca universale Rizzoli, 1996
Udgivelse:5. ed
Serier:I classici della BUR ; 28
Tags: Tilføj Tag
Ingen Tags, Vær først til at tagge denne postø!

MARC

LEADER 00000nam a22000007i 4500
001 IT\ICCU\LO1\1792147
003 ItRI
005 20250923195544.0
008 200622s1996 it |||||| ||||| |||||c
040 |b ita  |c Arcigay Viterbo 
041 7 |a ita  |2 ISO-639-2 
100 1 |a Buonarroti, Michelangelo,  |d  (1475-1564)  |0 IT\ICCU\CFIV\017291  |4 aut 
240 1 0 |a Rime  |9 Buonarroti, Michelangelo <1475-1564> 
245 1 0 |a Rime /  |c Michelangelo Buonarroti ; introduzione di Giovanni Testori ; cronologia, premessa e note di Ettore Barelli. 
250 |a 5. ed 
260 |a Milano :  |b Biblioteca universale Rizzoli,  |c 1996 
300 |a XVII, 351 p. :  |b ill. ;  |c 18 cm 
700 1 |a Testori, Giovanni  |0 IT\ICCU\CFIV\000737 
700 1 |a Barelli, Ettore  |0 IT\ICCU\CFIV\024269 
830 2 |a I classici della BUR ;  |v 28  |0 IT\ICCU\LIA\0454530 
942 |2 ddc  |c BK  |n 0 
952 |0 0  |1 0  |2 ddc  |4 0  |6 851_000000000000000_MIC_RIM  |7 0  |9 9641  |a VT  |b VT  |d 2025-09-23  |e Dono di Lorenzo Abbate  |i B304  |l 0  |o 851 MIC RIM  |p B304  |r 2025-09-23 19:58:09  |w 2025-09-23  |y BK 
981 1 |6 z01  |a i   |b xxxe  
982 1 |6 z01  |a n 
999 |c 8036  |d 8036